000 00567nam a2200169 a 4500
001 000043199
005 20240306073910.0
008 140224s2011 cu 000 0 spa d
020 _z9789592710818
040 _aDO-SdBNP
_bspa
_cBNPHU
082 _axxxxxx
_bxxxxxx
100 1 _aMartí, José,
_d1853-1895
_9645
245 1 0 _aJosé Martí y el equilibrio del mundo /
_cJosé Martí.
260 _aLa Habana, :
_bCentro de estudios martianos
_bCorcel,
_c2011.
300 _a275 p. ;
_c21 cm.
504 _aIncluye referencias bibliográficas y notas al pie de las páginas
999 _c42688
_d42688